000 01005cad a22002055a 4500
001 L137894
008 110623e20070424xxko f 000 0 eng d
035 _a(Sirsi) u137894
041 0 _aeng
100 1 _aWorpole, Ken
245 0 4 _aThe social value of public spaces
260 _aYork
_bJoseph Rowntree Foundation
_c2007
520 _aExamines the role of public spaces in community life, and the way people use them. Assesses urban spaces, markets, parks, allotments and privately owned public amenities. Finds that some attempts to reduce crime by sparse design may have a detrimental effect. Warns that planners should consider existing public attachment to existing spaces.
590 _aKA
651 4 _aUnited Kingdom
_y
690 _aENVIRONMENTAL AND LAND CONSULTANCY-PLANNING AND DEVELOPMENT-USE REQUIREMENTS
700 1 _aKnox, Katharine
856 4 0 _uhttps://www.jrf.org.uk/sites/files/jrf/2050-public-space-community.pdf
_zView the item free of charge at www.jrf.org.uk
942 _n0
999 _c106918
_d106918